Are the rich necessary? : Great economic arguments and how they reflect our personal values

Shranjeno v:
Bibliografske podrobnosti
Glavni avtor:  Lewis, Hunter
Format: Sách
Jezik:Undetermined
Izdano:  Axios Press  2007
Teme:
Oznake: Označite
Brez oznak, prvi označite!
Thư viện lưu trữ: Trung tâm Thư viện - Trường Đại học Công nghiệp TP. Hồ Chí Minh
LEADER 00517nam a2200157Ia 4500
001 UIH_02489
008 231011s9999 xx 000 0 und d
082 |a  330 
100 |a  Lewis, Hunter 
245 0 |a  Are the rich necessary? : Great economic arguments and how they reflect our personal values 
245 0 |c  Lewis, Hunter 
260 |b  Axios Press 
260 |c  2007 
650 |a  Kinh tế;  
927 |a Sách 
980 |a Trung tâm Thư viện - Trường Đại học Công nghiệp TP. Hồ Chí Minh